تحميل...
Sakunthala /
| المؤلف الرئيسي: | |
|---|---|
| التنسيق: | Printed Book |
| اللغة: | Malayalam |
| منشور في: |
1982
|
| LEADER | 00365nam a2200121Ia 4500 | ||
|---|---|---|---|
| 008 | 121027s9999 xx 000 0 mal d | ||
| 082 | |a 852A4 | ||
| 100 | |a Ammini Nalappattu | ||
| 245 | |a Sakunthala / |c Ammini Nalappattu | ||
| 260 | |c 1982 | ||
| 942 | |c BK | ||
| 999 | |c 65331 |d 65331 | ||
| 952 | |0 0 |1 0 |4 0 |6 852A4_SAK_M |7 0 |9 65308 |a UL |b UL |c ST2 |d 2012-10-27 |l 0 |o 852A4 SAK M |p G4207 |r 2012-10-27 |y BK | ||